|
|
|
|
| LEADER |
04013nam a2200541 4500 |
| 001 |
978-3-319-78208-9 |
| 003 |
DE-He213 |
| 005 |
20191025201747.0 |
| 007 |
cr nn 008mamaa |
| 008 |
180323s2018 gw | s |||| 0|eng d |
| 020 |
|
|
|a 9783319782089
|9 978-3-319-78208-9
|
| 024 |
7 |
|
|a 10.1007/978-3-319-78208-9
|2 doi
|
| 040 |
|
|
|d GrThAP
|
| 050 |
|
4 |
|a GA1-1776
|
| 072 |
|
7 |
|a RGW
|2 bicssc
|
| 072 |
|
7 |
|a SCI030000
|2 bisacsh
|
| 072 |
|
7 |
|a RGW
|2 thema
|
| 082 |
0 |
4 |
|a 910.285
|2 23
|
| 245 |
1 |
0 |
|a Geospatial Technologies for All
|h [electronic resource] :
|b Selected Papers of the 21st AGILE Conference on Geographic Information Science /
|c edited by Ali Mansourian, Petter Pilesjö, Lars Harrie, Ron van Lammeren.
|
| 250 |
|
|
|a 1st ed. 2018.
|
| 264 |
|
1 |
|a Cham :
|b Springer International Publishing :
|b Imprint: Springer,
|c 2018.
|
| 300 |
|
|
|a XIII, 382 p. 146 illus., 130 illus. in color.
|b online resource.
|
| 336 |
|
|
|a text
|b txt
|2 rdacontent
|
| 337 |
|
|
|a computer
|b c
|2 rdamedia
|
| 338 |
|
|
|a online resource
|b cr
|2 rdacarrier
|
| 347 |
|
|
|a text file
|b PDF
|2 rda
|
| 490 |
1 |
|
|a Lecture Notes in Geoinformation and Cartography,
|x 1863-2246
|
| 505 |
0 |
|
|a Evaluating spatial data acquisition and interpolation strategies for river bathymetries -- PLANTING: Computing High Spatio-Temporal Resolutions of Photovoltaic Potential of 3D City Models -- Interpolation of rainfall through polynomial regression in the Marche Region (Central Italy) -- 3D georeferencing of historical photos by volunteers -- Patterns of consumption and connectedness in GIS Web sources -- Charting the geographies of crowdsourced information in Greater London -- Supporting the monitoring of cheetahs in Kenya by mobile map apps -- A Top-Down Algorithm with Free Distance Parameter for Mining Top-k Flock Patterns -- Optimization and Evaluation of a High Performance Open-Source Map-Matching Implementation -- A Personalized Location-based and Serendipity-oriented Point of Interest Recommender Assistant Based on Behavioral Patterns -- A Positional Quality Control Test Based on Proportions -- Animation as a Visual Indicator of Positional Uncertainty in Geographic Information. .
|
| 520 |
|
|
|a This book presents the research papers accepted for the 21st AGILE Conference on Geographic Information Science, held at Lund University Geographical Information Systems (GIS) Centre, Sweden on 12-15 June 2018. It discusses the role of geospatial technologies in the digitalization of society and is intended primarily for professionals and researchers in fields that can benefit from geoinformation - both within and outside the area of geographic information science. .
|
| 650 |
|
0 |
|a Geographical information systems.
|
| 650 |
|
0 |
|a Environmental sciences.
|
| 650 |
|
0 |
|a Application software.
|
| 650 |
1 |
4 |
|a Geographical Information Systems/Cartography.
|0 http://scigraph.springernature.com/things/product-market-codes/J13000
|
| 650 |
2 |
4 |
|a Environmental Science and Engineering.
|0 http://scigraph.springernature.com/things/product-market-codes/G37000
|
| 650 |
2 |
4 |
|a Computer Applications.
|0 http://scigraph.springernature.com/things/product-market-codes/I23001
|
| 700 |
1 |
|
|a Mansourian, Ali.
|e editor.
|0 (orcid)0000-0001-6812-4307
|1 https://orcid.org/0000-0001-6812-4307
|4 edt
|4 http://id.loc.gov/vocabulary/relators/edt
|
| 700 |
1 |
|
|a Pilesjö, Petter.
|e editor.
|4 edt
|4 http://id.loc.gov/vocabulary/relators/edt
|
| 700 |
1 |
|
|a Harrie, Lars.
|e editor.
|4 edt
|4 http://id.loc.gov/vocabulary/relators/edt
|
| 700 |
1 |
|
|a van Lammeren, Ron.
|e editor.
|4 edt
|4 http://id.loc.gov/vocabulary/relators/edt
|
| 710 |
2 |
|
|a SpringerLink (Online service)
|
| 773 |
0 |
|
|t Springer eBooks
|
| 776 |
0 |
8 |
|i Printed edition:
|z 9783319782072
|
| 776 |
0 |
8 |
|i Printed edition:
|z 9783319782096
|
| 776 |
0 |
8 |
|i Printed edition:
|z 9783030086428
|
| 830 |
|
0 |
|a Lecture Notes in Geoinformation and Cartography,
|x 1863-2246
|
| 856 |
4 |
0 |
|u https://doi.org/10.1007/978-3-319-78208-9
|z Full Text via HEAL-Link
|
| 912 |
|
|
|a ZDB-2-EES
|
| 950 |
|
|
|a Earth and Environmental Science (Springer-11646)
|